000 00685nam a22002177a 4500
005 20251108174930.0
008 250721s2010 xx 000 0 ara d
082 1 4 _a928.13/ترو
100 1 _aترويا، هنري
_eمؤلف
245 1 0 _aدوستويفسكي حياته- أعماله /
264 1 _aدمشق :
_bدار علاء الدين للنشر و التوزيع والترجمة،
_c2010.
300 _a591ص.
650 1 7 _aالتراجم
650 1 7 _aالادباء
650 1 7 _aالادب الروسي
650 1 7 _aالقصص الروسية
650 1 7 _aالمؤلفون
700 1 _aباشا، علي
_eمترجم
942 _2ddc
_cBK
999 _c121832
_d121832